Introduction to analytic functions
Uloženo v:
| Hlavní autor: | |
|---|---|
| Médium: | Kniha |
| Jazyk: | angličtina |
| Vydáno: |
Reading
Addison-Wesley
1966
|
| Témata: | |
| Tagy: |
Přidat tag
Žádné tagy, Buďte první, kdo vytvoří štítek k tomuto záznamu!
|
MARC
| LEADER | 00000nam a2200000 a 4500 | ||
|---|---|---|---|
| 001 | UCP0073 | ||
| 003 | CL-VaPUC | ||
| 008 | 990128e19660000US |||||||||||||||||eng|d | ||
| 082 | 0 | 4 | |a 515.7 |b KAP |2 21 |
| 100 | |a Kaplan, Wilfred |e author |9 427795 | ||
| 245 | 1 | 0 | |a Introduction to analytic functions |
| 300 | |a 212 p | ||
| 942 | |c BK | ||
| 945 | |d 19990128 00:00:00 |a crobeson | ||
| 260 | |a Reading |b Addison-Wesley |c 1966 | ||
| 650 | 0 | |a Números complejos |9 270335 | |
| 650 | 0 | |a Funciones de variables complejas |9 260212 | |
| 650 | 0 | |a Funciones analíticas |9 270036 | |
| 650 | 0 | |a Series de potencia |9 425013 | |
| 650 | 7 | |a SERIES DE LAURENT |2 CL-VaPUC |9 425014 | |
| 650 | 7 | |a SUPERFICIES ANALITICAS |2 CL-VaPUC |9 423573 | |
| 650 | 0 | |a Análisis complejo |9 260214 | |
| 583 | |a last modification |c 19990128 00:00:00 |k Rodrigo Vera | ||
| 999 | |c 278959 |d 278957 | ||
| 952 | |0 0 |1 0 |4 0 |6 515_700000000000000_KAP_1966 |7 0 |8 A |9 317783 |a BIBMAT |b BIBMAT |d 2019-11-20 |i 1323016 |o 515.7 KAP 1966 |p 1323016 |r 2025-01-07 |w 2019-11-20 |y BK |k MAT | ||
| 952 | |0 0 |1 0 |4 0 |6 515_700000000000000_KAP_1966 |7 0 |8 A |9 317784 |a BIBCUR |b BIBCUR |d 2019-11-20 |i 4649109 |o 515.7 KAP 1966 |p 4649109 |r 2025-04-22 |w 2019-11-20 |y BK |k FIS | ||